Digital Signal Processing Techniques And Applications In Radar Image Processing (Record no. 327182)

MARC details
000 -LEADER
fixed length control field 00543nam a2200169Ia 4500
008 - FIXED-LENGTH DATA ELEMENTS--GENERAL INFORMATION
fixed length control field 230718s9999 xx 000 0 und d
020 ## - INTERNATIONAL STANDARD BOOK NUMBER
International Standard Book Number 978-0-470-18092-1
041 ## - LANGUAGE CODE
Language code of text/sound track or separate title eng
082 ## - DEWEY DECIMAL CLASSIFICATION NUMBER
Classification number 621.36'78
Item number WAN
100 ## - MAIN ENTRY--PERSONAL NAME
Personal name Wang Bu-Chin
9 (RLIN) 135795
245 ## - TITLE STATEMENT
Title Digital Signal Processing Techniques And Applications In Radar Image Processing
260 ## - PUBLICATION, DISTRIBUTION, ETC. (IMPRINT)
Name of publisher, distributor, etc. John Wiley
300 ## - PHYSICAL DESCRIPTION
Accompanying material [OBSOLETE, CAN/MARC] Ref 1112 E ME (30726), Ref 1299 E (38389)
365 ## - TRADE PRICE
Currency code Rs.
Price amount 5331.00
700 ## - ADDED ENTRY--PERSONAL NAME
Personal name Wang Bu-Chin
9 (RLIN) 135795
906 ## - LOCAL DATA ELEMENT F, LDF (RLIN)
d O:07-Feb-2011B:681113-Jan-2011
c ME ETC
b 1332.75
Holdings
Withdrawn status Lost status Source of classification or shelving scheme Reference No Damaged status Not for loan Home library Current library Date acquired Vendor Budget Code Cost, normal purchase price Bill number Full call number Barcode Date last seen Discount Cost, replacement price Bill Date Koha item type Original Barcode
    Dewey Decimal Classification Ref 1299 E (38389)   Reference Cummins College of Engineering for Women Pune Cummins College of Engineering for Women Pune 09/02/2011 Tbs ME ETC 3998.25 6811 621.36'78 CCEP-BK-38389 18/07/2023 1332.75 5331.00 13/01/2011 Books 038389